书目信息 |
| 题名: |
微孢子虫
|
|
| 作者: | 韦斯 , 贝克内尔 著 ;潘国庆 主译 | |
| 分册: | ||
| 出版信息: | 北京 高等教育出版社 2020 |
|
| 页数: | 645页 | |
| 开本: | 29cm | |
| 丛书名: | ||
| 单 册: | ||
| 中图分类: | Q959.115 | |
| 科图分类: | ||
| 主题词: | 微孢子目 | |
| 电子资源: | ||
| ISBN: | 978-7-04-047765-8 | |
| 000 | 01083nam0 2200265 450 | |
| 001 | 0105115636 | |
| 005 | 20201118154601.0 | |
| 010 | @a978-7-04-047765-8@dCNY160.00 | |
| 100 | @a20200731d2020 em y0chiy0120 ea | |
| 101 | 1 | @achi@ceng |
| 102 | @aCN@b110000 | |
| 105 | @aa z 000yy | |
| 106 | @ar | |
| 200 | 1 | @a微孢子虫@9Wei Bao Zi Chong @e机会性病原体@epathogens of opportunity@fLouis M. Weiss,James J. Becnel著@g潘国庆主译@b专著@dMicrosporidia@zeng |
| 210 | @a北京@c高等教育出版社@d2020 | |
| 215 | @a645页@c照片,图@d29cm | |
| 330 | @a本书共25章,内容包括:微孢子虫的结构、微孢子虫发育形态学和生活史、人感染微孢子虫的流行病学、无脊椎动物微孢子虫病的动物流行病学、微孢子虫在真核生物进化树中的地位、微孢子虫的系统发育等。 | |
| 510 | 1 | @aMicrosporidia@epathogens of opportunity@zeng |
| 606 | 0 | @a微孢子目 |
| 690 | @aQ959.115@v5 | |
| 701 | 0 | @c(美)@a韦斯@c(Weiss, Louis M.)@4著@9wei si |
| 701 | 0 | @c(美)@a贝克内尔@c(James J. Becnel)@4著@9bei ke nei er |
| 702 | 0 | @a潘国庆@c(翻译)@4主译@9pan guo qing |
| 801 | 0 | @aCN@bCQL@c20200708 |
| 905 | @aBZT@dQ959@e25@f1@sQ959/25 | |
| 微孢子虫:机会性病原体:pathogens of opportunity/Louis M. Weiss,James J. Becnel著/潘国庆主译=Microsporidia.-北京:高等教育出版社,2020 |
| 645页:照片,图;29cm |
| ISBN 978-7-04-047765-8:CNY160.00 |
| 本书共25章,内容包括:微孢子虫的结构、微孢子虫发育形态学和生活史、人感染微孢子虫的流行病学、无脊椎动物微孢子虫病的动物流行病学、微孢子虫在真核生物进化树中的地位、微孢子虫的系统发育等。 |
| ● |
| 相关链接 |
|
|
|
正题名:微孢子虫
索取号:Q959/25
 
预约/预借
| 序号 | 登录号 | 条形码 | 馆藏地/架位号 | 状态 | 备注 |
| 1 | 2000004259 | 2000004259 | 旧书回溯/ [索取号:Q959/25] | 在馆 |